[Event "DVM U16 2021"]
[Site "Kiel GER"]
[Date "2022.07.23"]
[Round "2"]
[White "Rose, Daniel"]
[Black "Hahn, Peter"]
[Result "1/2-1/2"]
[Termination "normal"]
[Board "5.1"]
[WhiteElo "1973"]
[BlackElo "1670"]
[WhiteClock "00:20:02"]
[BlackClock "01:28:45"]
[WhiteTeam "SV Königsjäger Süd-West e.V."]
[BlackTeam "SK Kelheim 1920"]
[PlyCount "143"]
[WhiteFideId "16242963"]
[BlackFideId "34627316"]
[EventCountry "GER"]
[EventRounds "7"]
[EventType "team-swiss"]
[EventDate "2022.07.22"]

1. d4 {[%clk 01:30:59]} {[%emt 00:00:01]} Nf6 {[%clk 01:30:55]} {[%emt
00:00:06]} 2. c4 {[%clk 01:31:21]} {[%emt 00:00:07]} e6 {[%clk 01:31:22]}
{[%emt 00:00:03]} 3. Nc3 {[%emt 00:00:21]} Bb4 {[%clk 01:31:43]} 4. Bd2 {[%clk
01:32:00]} {[%emt 00:00:09]} O-O {[%clk 01:31:11]} {[%emt 00:01:03]} 5. Nf3
{[%clk 01:32:18]} {[%emt 00:00:10]} c5 {[%clk 01:30:04]} {[%emt 00:01:38]} 6.
e3 {[%clk 01:32:33]} {[%emt 00:00:16]} cxd4 {[%clk 01:29:48]} {[%emt 00:00:46]}
7. Nxd4 {[%clk 01:32:51]} {[%emt 00:00:11]} Nc6 {[%clk 01:29:13]} {[%emt
00:01:04]} 8. Be2 {[%clk 01:32:35]} {[%emt 00:00:47]} Nxd4 {[%clk 01:29:11]}
{[%emt 00:00:32]} 9. exd4 {[%clk 01:33:04]} {[%emt 00:00:02]} d5 {[%clk
01:29:21]} {[%emt 00:00:20]} 10. a3 {[%clk 01:32:20]} {[%emt 00:01:14]} Bxc3
{[%clk 01:29:07]} {[%emt 00:00:43]} 11. Bxc3 {[%clk 01:29:27]} {[%emt
00:03:23]} dxc4 {[%clk 01:29:14]} {[%emt 00:00:23]} 12. Bxc4 {[%clk 01:29:52]}
{[%emt 00:00:05]} Nd5 {[%clk 01:29:34]} {[%emt 00:00:10]} 13. O-O {[%clk
01:30:15]} {[%emt 00:00:07]} Nxc3 {[%clk 01:29:24]} {[%emt 00:00:40]} 14. bxc3
{[%clk 01:30:43]} {[%emt 00:00:02]} b6 {[%clk 01:29:26]} {[%emt 00:00:28]} 15.
Qd2 {[%clk 01:18:04]} {[%emt 00:13:09]} Bb7 {[%clk 01:29:05]} {[%emt 00:00:51]}
16. a4 {[%clk 01:14:19]} {[%emt 00:04:15]} Rc8 {[%clk 01:27:56]} {[%emt
00:01:39]} 17. Bd3 {[%clk 01:14:24]} {[%emt 00:00:24]} Qd5 {[%clk 01:22:11]}
{[%emt 00:06:15]} 18. f3 {[%clk 01:14:38]} {[%emt 00:00:16]} Qa5 {[%clk
01:22:32]} {[%emt 00:00:10]} 19. Ra3 {[%clk 01:14:36]} {[%emt 00:00:32]} e5
{[%clk 01:22:07]} {[%emt 00:00:55]} 20. Rb1 {[%clk 01:09:04]} {[%emt 00:06:02]}
a6 {[%clk 01:20:00]} {[%emt 00:02:37]} 21. Qe3 {[%clk 00:57:35]} {[%emt
00:11:58]} exd4 {[%clk 01:18:01]} {[%emt 00:02:31]} 22. cxd4 {[%clk 00:56:10]}
{[%emt 00:01:53]} Rfe8 {[%clk 01:17:34]} {[%emt 00:00:57]} 23. Be4 {[%clk
00:54:41]} {[%emt 00:01:59]} Bc6 {[%clk 01:08:21]} {[%emt 00:09:44]} 24. Rab3
{[%clk 00:36:45]} {[%emt 00:18:25]} f5 {[%clk 01:05:34]} {[%emt 00:03:17]} 25.
d5 {[%clk 00:07:02]} {[%emt 00:30:14]} Bxa4 {[%clk 01:03:38]} {[%emt 00:02:26]}
26. Qxb6 {[%clk 00:06:58]} {[%emt 00:00:34]} Qxb6+ {[%clk 01:03:35]} {[%emt
00:00:33]} 27. Rxb6 {[%emt 00:00:08]} fxe4 {[%clk 01:03:59]} {[%emt 00:00:04]}
28. fxe4 {[%clk 00:07:10]} {[%emt 00:00:42]} Bb5 {[%clk 01:03:35]} {[%emt
00:00:54]} 29. Re1 {[%clk 00:07:08]} {[%emt 00:00:32]} Rb8 {[%clk 01:03:09]}
{[%emt 00:00:56]} 30. Rd6 {[%clk 00:06:55]} {[%emt 00:00:42]} Rbd8 {[%clk
01:03:31]} {[%emt 00:00:09]} 31. Rxd8 {[%clk 00:07:02]} {[%emt 00:00:23]} Rxd8
{[%clk 01:03:54]} {[%emt 00:00:07]} 32. Kf2 {[%clk 00:07:29]} {[%emt 00:00:02]}
Kf7 {[%clk 01:04:04]} {[%emt 00:00:20]} 33. Ke3 {[%clk 00:07:55]} {[%emt
00:00:04]} Rc8 {[%clk 01:03:52]} {[%emt 00:00:42]} 34. g4 {[%clk 00:06:42]}
{[%emt 00:01:43]} Rc3+ {[%clk 01:03:47]} {[%emt 00:00:36]} 35. Kd4 {[%clk
00:06:07]} {[%emt 00:01:05]} Rh3 {[%clk 01:03:22]} {[%emt 00:00:55]} 36. Ke5
{[%clk 00:06:03]} {[%emt 00:00:34]} Rxh2 {[%clk 01:03:06]} {[%emt 00:00:46]}
37. Kd6 {[%clk 00:06:03]} {[%emt 00:00:30]} Re2 {[%clk 01:02:00]} {[%emt
00:01:37]} 38. Rf1+ {[%clk 00:05:37]} {[%emt 00:00:55]} Ke8 {[%clk 01:02:07]}
{[%emt 00:00:23]} 39. Rf4 {[%clk 00:05:38]} {[%emt 00:00:28]} a5 {[%clk
01:01:35]} {[%emt 00:01:02]} 40. e5 {[%clk 00:05:31]} {[%emt 00:00:38]} a4
{[%clk 01:01:26]} {[%emt 00:00:39]} 41. Rb4 {[%clk 00:05:24]} {[%emt 00:00:37]}
Ba6 {[%clk 00:59:58]} {[%emt 00:01:59]} 42. Rxa4 {[%clk 00:05:40]} {[%emt
00:00:14]} Bc8 {[%clk 01:00:05]} {[%emt 00:00:22]} 43. Rc4 {[%clk 00:05:08]}
{[%emt 00:01:02]} Bd7 {[%clk 00:57:35]} {[%emt 00:03:00]} 44. e6 {[%clk
00:05:13]} {[%emt 00:00:24]} Bxe6 {[%clk 00:58:04]} {[%emt 00:00:02]} 45. dxe6
{[%clk 00:05:37]} {[%emt 00:00:06]} Rd2+ {[%clk 00:58:26]} {[%emt 00:00:07]}
46. Ke5 {[%clk 00:06:02]} {[%emt 00:00:05]} Re2+ {[%clk 00:58:18]} {[%emt
00:00:38]} 47. Kf5 {[%clk 00:03:07]} {[%emt 00:03:25]} Rf2+ {[%clk 00:57:12]}
{[%emt 00:01:36]} 48. Kg5 {[%clk 00:03:10]} {[%emt 00:00:28]} h6+ {[%clk
00:56:51]} {[%emt 00:00:51]} 49. Kg6 {[%clk 00:03:19]} {[%emt 00:00:21]} Rf6+
{[%clk 00:57:12]} {[%emt 00:00:10]} 50. Kxg7 {[%clk 00:03:45]} {[%emt
00:00:03]} Rxe6 {[%clk 00:57:33]} {[%emt 00:00:09]} 51. Rc8+ {[%clk 00:04:10]}
{[%emt 00:00:05]} Kd7 {[%clk 00:57:27]} {[%emt 00:00:36]} 52. Rg8 {[%clk
00:04:12]} {[%emt 00:00:28]} Ke7 {[%clk 00:57:12]} {[%emt 00:00:45]} 53. Kh7
{[%clk 00:04:37]} {[%emt 00:00:05]} Kf7 {[%clk 00:53:58]} {[%emt 00:03:44]} 54.
Rg7+ {[%clk 00:05:01]} {[%emt 00:00:06]} Kf8 {[%clk 00:54:21]} {[%emt
00:00:07]} 55. Rg6 {[%clk 00:05:20]} {[%emt 00:00:11]} Re1 {[%clk 00:54:10]}
{[%emt 00:00:41]} 56. Rf6+ {[%clk 00:05:20]} {[%emt 00:00:30]} Ke7 {[%clk
00:54:05]} {[%emt 00:00:35]} 57. Rxh6 {[%clk 00:05:45]} {[%emt 00:00:05]} Rg1
{[%clk 00:54:19]} {[%emt 00:00:16]} 58. Rh4 {[%clk 00:04:59]} {[%emt 00:01:16]}
Kf7 {[%clk 00:54:31]} {[%emt 00:00:17]} 59. Kh6 {[%clk 00:29:27]} {[%emt
00:06:02]} Kg8 {[%clk 01:25:00]} {[%emt 00:00:01]} 60. g5 {[%clk 00:29:38]}
{[%emt 00:00:20]} Rb1 {[%clk 01:25:28]} {[%emt 00:00:02]} 61. Rc4 {[%clk
00:29:08]} {[%emt 00:00:59]} Rb8 {[%clk 01:25:55]} {[%emt 00:00:04]} 62. Rc7
{[%clk 00:27:55]} {[%emt 00:01:43]} Ra8 {[%clk 01:26:02]} {[%emt 00:00:23]} 63.
Rc6 {[%clk 00:27:31]} {[%emt 00:00:54]} Rb8 {[%clk 01:26:29]} {[%emt 00:00:03]}
64. Kg6 {[%clk 00:25:37]} {[%emt 00:02:24]} Ra8 {[%clk 01:26:50]} {[%emt
00:00:09]} 65. Kf6 {[%clk 00:25:50]} {[%emt 00:00:17]} Rb8 {[%clk 01:27:08]}
{[%emt 00:00:12]} 66. Kf5 {[%clk 00:21:04]} {[%emt 00:05:15]} Kg7 {[%clk
01:27:09]} {[%emt 00:00:29]} 67. Rg6+ {[%clk 00:21:28]} {[%emt 00:00:06]} Kf7
{[%clk 01:27:18]} {[%emt 00:00:21]} 68. Ra6 {[%clk 00:19:56]} {[%emt 00:02:02]}
Kg7 {[%clk 01:27:32]} {[%emt 00:00:16]} 69. Ra7+ {[%clk 00:20:12]} {[%emt
00:00:15]} Kg8 {[%clk 01:27:59]} {[%emt 00:00:02]} 70. g6 {[%clk 00:20:18]}
{[%emt 00:00:24]} Rb1 {[%clk 01:28:16]} {[%emt 00:00:13]} 71. Ra8+ {[%clk
00:19:33]} {[%emt 00:01:16]} Kg7 {[%clk 01:28:45]} {[%emt 00:00:01]} 72. Ra7+
{[%clk 00:20:02]} 1/2-1/2

[Event "DVM U16 2021"]
[Site "Kiel GER"]
[Date "2022.07.23"]
[Round "2"]
[White "Gold, Michael"]
[Black "Abed, Karim"]
[Result "0-1"]
[Termination "normal"]
[Board "5.2"]
[WhiteElo "1383"]
[BlackElo "1843"]
[WhiteClock "01:16:11"]
[BlackClock "00:27:11"]
[WhiteTeam "SK Kelheim 1920"]
[BlackTeam "SV Königsjäger Süd-West e.V."]
[PlyCount "60"]
[WhiteFideId "34605169"]
[BlackFideId "16242785"]
[EventCountry "GER"]
[EventRounds "7"]
[EventType "team-swiss"]
[EventDate "2022.07.22"]

1. c4 {[%clk 01:30:58]} {[%emt 00:00:01]} Nf6 {[%clk 01:30:50]} {[%emt
00:00:10]} 2. Nc3 {[%clk 01:31:14]} {[%emt 00:00:13]} d5 {[%clk 01:31:16]}
{[%emt 00:00:05]} 3. g3 {[%clk 01:31:18]} {[%emt 00:00:26]} c6 {[%clk
01:30:20]} {[%emt 00:01:26]} 4. b3 {[%clk 01:31:37]} {[%emt 00:00:10]} d4
{[%clk 01:30:02]} {[%emt 00:00:49]} 5. Na4 {[%clk 01:31:27]} {[%emt 00:00:40]}
e5 {[%clk 01:29:00]} {[%emt 00:01:32]} 6. Bg2 {[%clk 01:31:24]} {[%emt
00:00:33]} Bd6 {[%clk 01:28:46]} {[%emt 00:00:44]} 7. d3 {[%clk 01:30:52]}
{[%emt 00:01:02]} O-O {[%clk 01:28:44]} {[%emt 00:00:32]} 8. Nf3 {[%clk
01:30:38]} {[%emt 00:00:44]} Bf5 {[%clk 01:27:15]} {[%emt 00:01:59]} 9. O-O
{[%clk 01:30:42]} {[%emt 00:00:25]} h6 {[%clk 01:26:55]} {[%emt 00:00:50]} 10.
c5 {[%clk 01:30:53]} {[%emt 00:00:20]} Bc7 {[%clk 01:25:59]} {[%emt 00:01:27]}
11. Nb2 {[%clk 01:31:05]} {[%emt 00:00:17]} Re8 {[%clk 01:21:23]} {[%emt
00:05:06]} 12. Nc4 {[%clk 01:30:53]} {[%emt 00:00:42]} a5 {[%clk 01:20:00]}
{[%emt 00:01:53]} 13. Bb2 {[%clk 01:29:43]} {[%emt 00:01:40]} Na6 {[%emt
00:01:26]} 14. Ba3 {[%clk 01:29:20]} {[%emt 00:00:51]} Nd5 {[%clk 01:10:09]}
{[%emt 00:09:26]} 15. Nh4 {[%clk 01:26:30]} {[%emt 00:03:20]} Bg4 {[%clk
01:02:40]} {[%emt 00:08:01]} 16. Nf3 {[%clk 01:24:28]} {[%emt 00:02:31]} Nc3
{[%clk 00:58:29]} {[%emt 00:04:41]} 17. Qc2 {[%clk 01:24:10]} {[%emt 00:00:47]}
Nb4 {[%clk 00:47:28]} {[%emt 00:11:32]} 18. Bxb4 {[%clk 01:24:03]} {[%emt
00:00:37]} axb4 {[%clk 00:47:25]} {[%emt 00:00:33]} 19. a3 {[%clk 01:23:47]}
{[%emt 00:00:46]} bxa3 {[%clk 00:39:39]} {[%emt 00:08:16]} 20. Nxa3 {[%clk
01:23:56]} {[%emt 00:00:21]} Qe7 {[%clk 00:35:36]} {[%emt 00:04:33]} 21. b4
{[%clk 01:23:46]} {[%emt 00:00:40]} Ra4 {[%clk 00:33:57]} {[%emt 00:02:09]} 22.
Rfb1 {[%clk 01:19:43]} {[%emt 00:04:32]} Rea8 {[%clk 00:33:18]} {[%emt
00:01:09]} 23. Rb3 {[%clk 01:19:39]} {[%emt 00:00:34]} Nb5 {[%clk 00:31:57]}
{[%emt 00:01:51]} 24. Qb2 {[%clk 01:17:25]} {[%emt 00:02:45]} Be6 {[%clk
00:30:34]} {[%emt 00:01:53]} 25. Nc2 {[%clk 01:16:13]} {[%emt 00:01:42]} Bxb3
{[%clk 00:30:44]} {[%emt 00:00:20]} 26. Rxa4 {[%clk 01:16:37]} {[%emt
00:00:06]} Bxa4 {[%clk 00:31:00]} {[%emt 00:00:14]} 27. Na3 {[%clk 01:16:20]}
{[%emt 00:00:46]} Nc3 {[%clk 00:28:42]} {[%emt 00:02:48]} 28. Nc4 {[%clk
01:16:27]} {[%emt 00:00:23]} Bb5 {[%clk 00:26:44]} {[%emt 00:02:29]} 29. e3
{[%clk 01:16:28]} {[%emt 00:00:29]} Ra2 {[%clk 00:26:43]} {[%emt 00:00:31]} 30.
Qc1 {[%clk 01:16:11]} {[%emt 00:00:47]} Ne2+ {[%clk 00:27:11]} {[%emt
00:00:02]} 0-1

[Event "DVM U16 2021"]
[Site "Kiel GER"]
[Date "2022.07.23"]
[Round "2"]
[White "Boissel, Kasimir"]
[Black "Weinberger, Maxim"]
[Result "1-0"]
[Termination "normal"]
[Board "5.3"]
[WhiteElo "1781"]
[BlackElo "1153"]
[WhiteClock "00:16:24"]
[BlackClock "00:58:14"]
[WhiteTeam "SV Königsjäger Süd-West e.V."]
[BlackTeam "SK Kelheim 1920"]
[PlyCount "135"]
[WhiteFideId "16298209"]
[BlackFideId "16290330"]
[EventCountry "GER"]
[EventRounds "7"]
[EventType "team-swiss"]
[EventDate "2022.07.22"]

1. d4 {[%clk 01:30:59]} {[%emt 00:00:01]} d5 {[%clk 01:30:54]} {[%emt
00:00:06]} 2. Nf3 {[%clk 01:31:25]} {[%emt 00:00:03]} Nf6 {[%clk 01:31:15]}
{[%emt 00:00:09]} 3. e3 {[%clk 01:31:44]} {[%emt 00:00:12]} Nbd7 {[%clk
01:30:58]} {[%emt 00:00:47]} 4. Nbd2 {[%clk 01:31:40]} {[%emt 00:00:34]} e6
{[%clk 01:30:56]} {[%emt 00:00:31]} 5. Bd3 {[%clk 01:31:55]} {[%emt 00:00:15]}
c5 {[%clk 01:30:45]} {[%emt 00:00:42]} 6. c3 {[%clk 01:32:15]} {[%emt
00:00:09]} c4 {[%clk 01:30:53]} {[%emt 00:00:23]} 7. Bc2 {[%clk 01:32:40]}
{[%emt 00:00:05]} b5 {[%clk 01:30:52]} {[%emt 00:00:31]} 8. e4 {[%clk
01:31:34]} {[%emt 00:01:35]} Be7 {[%clk 01:29:47]} {[%emt 00:01:35]} 9. O-O
{[%clk 01:31:42]} {[%emt 00:00:22]} O-O {[%clk 01:30:10]} {[%emt 00:00:08]} 10.
Re1 {[%clk 01:30:37]} {[%emt 00:01:34]} b4 {[%clk 01:28:11]} {[%emt 00:02:29]}
11. e5 {[%clk 01:28:26]} {[%emt 00:02:41]} Ng4 {[%clk 01:27:08]} {[%emt
00:01:33]} 12. Nf1 {[%clk 01:27:50]} {[%emt 00:01:06]} f6 {[%clk 01:27:09]}
{[%emt 00:00:29]} 13. h3 {[%clk 01:27:38]} {[%emt 00:00:42]} Nh6 {[%clk
01:27:09]} {[%emt 00:00:30]} 14. Bxh6 {[%clk 01:28:04]} {[%emt 00:00:04]} gxh6
{[%clk 01:27:28]} {[%emt 00:00:11]} 15. Qd2 {[%clk 01:27:44]} {[%emt 00:00:49]}
Kg7 {[%clk 01:26:01]} {[%emt 00:01:59]} 16. Ng3 {[%clk 01:24:09]} {[%emt
00:04:03]} Qe8 {[%clk 01:23:55]} {[%emt 00:02:37]} 17. cxb4 {[%clk 01:21:14]}
{[%emt 00:03:26]} f5 {[%clk 01:23:22]} {[%emt 00:01:03]} 18. a3 {[%clk
01:15:30]} {[%emt 00:06:13]} Nb6 {[%clk 01:21:22]} {[%emt 00:02:30]} 19. Rec1
{[%clk 01:10:19]} {[%emt 00:05:40]} Bd7 {[%clk 01:19:43]} {[%emt 00:02:10]} 20.
Bd1 {[%clk 01:10:08]} {[%emt 00:00:35]} Rc8 {[%clk 01:19:27]} {[%emt 00:00:52]}
21. h4 {[%clk 01:03:34]} {[%emt 00:07:04]} f4 {[%clk 01:12:23]} {[%emt
00:07:34]} 22. Ne2 {[%clk 01:03:07]} {[%emt 00:00:56]} Qf7 {[%clk 01:09:47]}
{[%emt 00:03:06]} 23. b3 {[%clk 00:58:08]} {[%emt 00:05:29]} cxb3 {[%clk
01:09:53]} {[%emt 00:00:24]} 24. Bxb3 {[%clk 00:58:29]} {[%emt 00:00:10]} Nc4
{[%clk 01:07:27]} {[%emt 00:02:56]} 25. Bxc4 {[%clk 00:58:11]} {[%emt
00:00:48]} dxc4 {[%clk 01:07:48]} {[%emt 00:00:09]} 26. Rc3 {[%clk 00:58:12]}
{[%emt 00:00:29]} Bb5 {[%clk 01:05:36]} {[%emt 00:02:42]} 27. Rac1 {[%clk
00:56:49]} {[%emt 00:01:53]} Ba6 {[%clk 01:05:20]} {[%emt 00:00:46]} 28. Qc2
{[%clk 00:46:58]} {[%emt 00:10:19]} Qf5 {[%clk 01:04:20]} {[%emt 00:01:32]} 29.
Qa4 {[%clk 00:44:16]} {[%emt 00:03:07]} Bb7 {[%clk 01:04:24]} {[%emt 00:00:30]}
30. Qxa7 {[%clk 00:44:11]} {[%emt 00:00:33]} Rb8 {[%clk 01:04:18]} {[%emt
00:00:38]} 31. Qa5 {[%clk 00:24:35]} {[%emt 00:19:58]} Bxf3 {[%clk 01:03:19]}
{[%emt 00:01:37]} 32. Rxf3 {[%clk 00:24:39]} {[%emt 00:00:26]} Qe4 {[%clk
01:00:50]} {[%emt 00:03:00]} 33. Qc7 {[%clk 00:23:44]} {[%emt 00:01:18]} Rbe8
{[%clk 00:58:56]} {[%emt 00:02:31]} 34. Kf1 {[%clk 00:22:34]} {[%emt 00:01:38]}
Kh8 {[%clk 00:57:16]} {[%emt 00:02:12]} 35. Qxc4 {[%clk 00:18:08]} {[%emt
00:04:55]} Bxh4 {[%clk 00:57:25]} {[%emt 00:00:22]} 36. Qc2 {[%clk 00:16:44]}
{[%emt 00:01:51]} Qxc2 {[%clk 00:57:31]} {[%emt 00:00:26]} 37. Rxc2 {[%clk
00:17:12]} {[%emt 00:00:03]} Bg5 {[%clk 00:57:53]} {[%emt 00:00:08]} 38. Rfc3
{[%clk 00:17:16]} {[%emt 00:00:22]} Ra8 {[%clk 00:57:07]} {[%emt 00:01:20]} 39.
f3 {[%clk 00:17:21]} {[%emt 00:00:24]} Rfd8 {[%clk 00:54:52]} {[%emt 00:02:46]}
40. Rb3 {[%clk 00:16:13]} {[%emt 00:01:37]} Kg8 {[%clk 00:54:09]} {[%emt
00:01:13]} 41. Rc4 {[%clk 00:15:23]} {[%emt 00:01:15]} Ra6 {[%clk 00:54:05]}
{[%emt 00:00:39]} 42. b5 {[%clk 00:15:29]} {[%emt 00:00:25]} Rb6 {[%clk
00:54:07]} {[%emt 00:00:29]} 43. a4 {[%clk 00:15:13]} {[%emt 00:00:45]} Rdb8
{[%clk 00:53:02]} {[%emt 00:01:34]} 44. Rbc3 {[%clk 00:15:01]} {[%emt
00:00:39]} R6b7 {[%clk 00:52:43]} {[%emt 00:00:52]} 45. Rc7 {[%clk 00:14:16]}
{[%emt 00:01:14]} Rxc7 {[%clk 00:52:33]} {[%emt 00:00:42]} 46. Rxc7 {[%clk
00:14:41]} {[%emt 00:00:05]} Ra8 {[%clk 00:52:49]} {[%emt 00:00:14]} 47. b6
{[%clk 00:13:45]} {[%emt 00:01:27]} Rb8 {[%clk 00:52:45]} {[%emt 00:00:33]} 48.
b7 {[%clk 00:13:25]} {[%emt 00:00:50]} Bd8 {[%clk 00:52:47]} {[%emt 00:00:28]}
49. Rc8 {[%clk 00:13:48]} {[%emt 00:00:07]} Rxb7 {[%clk 00:53:13]} {[%emt
00:00:04]} 50. Rxd8+ {[%clk 00:14:12]} {[%emt 00:00:06]} Kf7 {[%clk 00:53:34]}
{[%emt 00:00:08]} 51. Ke1 {[%clk 00:13:18]} {[%emt 00:01:23]} Ra7 {[%clk
00:53:54]} {[%emt 00:00:12]} 52. Kd2 {[%clk 00:13:30]} {[%emt 00:00:18]} Rxa4
{[%clk 00:54:20]} {[%emt 00:00:05]} 53. Nxf4 {[%clk 00:13:13]} {[%emt
00:00:45]} Ke7 {[%clk 00:54:31]} {[%emt 00:00:19]} 54. Rd6 {[%clk 00:13:28]}
{[%emt 00:00:12]} Ra2+ {[%clk 00:54:57]} {[%emt 00:00:08]} 55. Ke3 {[%clk
00:13:48]} {[%emt 00:00:10]} Ra3+ {[%clk 00:55:16]} {[%emt 00:00:11]} 56. Ke4
{[%clk 00:14:10]} {[%emt 00:00:07]} Kf7 {[%clk 00:54:51]} {[%emt 00:00:55]} 57.
Rxe6 {[%clk 00:14:21]} {[%emt 00:00:19]} Ra1 {[%clk 00:55:11]} {[%emt
00:00:10]} 58. d5 {[%clk 00:14:23]} {[%emt 00:00:28]} Ra4+ {[%clk 00:55:30]}
{[%emt 00:00:12]} 59. Kf5 {[%clk 00:14:42]} {[%emt 00:00:10]} Ra7 {[%clk
00:55:42]} {[%emt 00:00:17]} 60. Rxh6 {[%clk 00:15:02]} {[%emt 00:00:11]} Kg7
{[%clk 00:55:40]} {[%emt 00:00:33]} 61. Rc6 {[%clk 00:15:12]} {[%emt 00:00:19]}
Rf7+ {[%clk 00:56:02]} {[%emt 00:00:09]} 62. Rf6 {[%clk 00:14:42]} {[%emt
00:01:00]} Rxf6+ {[%clk 00:56:27]} {[%emt 00:00:05]} 63. exf6+ {[%clk
00:15:05]} {[%emt 00:00:07]} Kf7 {[%clk 00:56:51]} {[%emt 00:00:05]} 64. d6
{[%clk 00:15:24]} {[%emt 00:00:11]} Ke8 {[%clk 00:57:12]} {[%emt 00:00:09]} 65.
Ke6 {[%clk 00:15:38]} {[%emt 00:00:17]} h5 {[%clk 00:57:28]} {[%emt 00:00:14]}
66. f7+ {[%clk 00:16:01]} {[%emt 00:00:06]} Kf8 {[%clk 00:57:51]} {[%emt
00:00:08]} 67. Kf6 {[%clk 00:16:24]} {[%emt 00:00:06]} h4 {[%clk 00:58:14]}
{[%emt 00:00:07]} 68. Ng6# {[%emt 00:00:05]} 1-0

[Event "DVM U16 2021"]
[Site "Kiel GER"]
[Date "2022.07.23"]
[Round "2"]
[White "Bangsa, Pandu"]
[Black "Korek, Jakob Alexander"]
[Result "0-1"]
[Termination "normal"]
[Board "5.4"]
[WhiteElo "1457"]
[BlackElo "1611"]
[WhiteClock "00:38:12"]
[BlackClock "01:00:09"]
[WhiteTeam "SK Kelheim 1920"]
[BlackTeam "SV Königsjäger Süd-West e.V."]
[PlyCount "56"]
[WhiteFideId "16297873"]
[BlackFideId "16240022"]
[EventCountry "GER"]
[EventRounds "7"]
[EventType "team-swiss"]
[EventDate "2022.07.22"]

1. e4 {[%clk 01:30:59]} {[%emt 01:15:50]} e5 {[%clk 01:30:54]} {[%emt
00:00:07]} 2. Nf3 {[%clk 01:31:25]} {[%emt 00:00:04]} Nc6 {[%clk 01:31:20]}
{[%emt 00:00:04]} 3. d4 {[%clk 01:31:46]} {[%emt 00:00:09]} exd4 {[%clk
01:31:25]} {[%emt 00:00:25]} 4. Nxd4 {[%clk 01:31:57]} {[%emt 00:00:18]} Nf6
{[%clk 01:31:41]} {[%emt 00:00:15]} 5. Nc3 {[%clk 01:31:35]} {[%emt 00:01:31]}
Bb4 {[%clk 01:32:13]} {[%emt 00:00:19]} 6. Bg5 {[%clk 01:27:46]} {[%emt
00:04:19]} O-O {[%clk 01:29:33]} {[%emt 00:03:10]} 7. Bc4 {[%clk 01:23:30]}
{[%emt 00:04:45]} Re8 {[%clk 01:27:44]} {[%emt 00:02:17]} 8. f3 {[%clk
01:22:13]} {[%emt 00:01:50]} d5 {[%clk 01:25:27]} {[%emt 00:02:47]} 9. Nxc6
{[%clk 01:10:56]} {[%emt 00:11:46]} bxc6 {[%clk 01:25:31]} {[%emt 00:00:26]}
10. Bd3 {[%clk 00:57:41]} {[%emt 00:13:46]} d4 {[%clk 01:19:52]} {[%emt
00:06:08]} 11. a3 {[%clk 00:57:57]} {[%emt 00:00:15]} dxc3 {[%clk 01:20:08]}
{[%emt 00:00:13]} 12. axb4 {[%clk 00:58:15]} {[%emt 00:00:12]} cxb2 {[%clk
01:19:51]} {[%emt 00:00:48]} 13. Ra2 {[%clk 00:56:56]} {[%emt 00:01:49]} Qd4
{[%clk 01:19:15]} {[%emt 00:01:06]} 14. Bd2 {[%clk 00:55:25]} {[%emt 00:01:59]}
Nd5 {[%clk 01:15:34]} {[%emt 00:04:12]} 15. Qb1 {[%clk 00:51:47]} {[%emt
00:04:09]} Nxb4 {[%clk 01:13:51]} {[%emt 00:02:13]} 16. Rxb2 {[%clk 00:51:40]}
{[%emt 00:00:36]} Nxd3+ {[%clk 01:13:31]} {[%emt 00:00:50]} 17. cxd3 {[%clk
00:52:01]} {[%emt 00:00:08]} Ba6 {[%clk 01:13:14]} {[%emt 00:00:48]} 18. Ke2
{[%clk 00:48:18]} {[%emt 00:04:13]} Red8 {[%clk 01:06:51]} {[%emt 00:06:53]}
19. Rb3 {[%clk 00:43:49]} {[%emt 00:05:00]} Bb5 {[%clk 01:03:42]} {[%emt
00:03:39]} 20. Be3 {[%clk 00:42:26]} {[%emt 00:01:53]} Qe5 {[%clk 01:03:21]}
{[%emt 00:00:50]} 21. Kf2 {[%clk 00:39:22]} {[%emt 00:03:35]} a5 {[%clk
01:02:23]} {[%emt 00:01:27]} 22. g3 {[%clk 00:38:29]} {[%emt 00:01:23]} Qd6
{[%clk 01:01:05]} {[%emt 00:01:48]} 23. Rd1 {[%clk 00:38:42]} {[%emt 00:00:17]}
Ba4 {[%clk 01:00:31]} {[%emt 00:01:04]} 24. Bf4 {[%clk 00:37:57]} {[%emt
00:01:15]} Qd7 {[%clk 01:00:13]} {[%emt 00:00:48]} 25. Rb7 {[%clk 00:37:51]}
{[%emt 00:00:36]} Bxd1 {[%clk 01:00:02]} {[%emt 00:00:41]} 26. Rxc7 {[%clk
00:38:06]} {[%emt 00:00:15]} Qxd3 {[%clk 01:00:11]} {[%emt 00:00:21]} 27. Qa2
{[%clk 00:38:14]} {[%emt 00:00:23]} Qxf3+ {[%clk 01:00:03]} {[%emt 00:00:37]}
28. Kg1 {[%clk 00:38:12]} {[%emt 00:00:33]} Bb3 {[%clk 01:00:09]} {[%emt
00:00:23]} 0-1

[Event "DVM U16 2021"]
[Site "Kiel GER"]
[Date "2022.07.23"]
[Round "2"]
[White "Albert, Markus"]
[Black "Danninger, Jannik"]
[Result "1-0"]
[Termination "normal"]
[Board "6.1"]
[WhiteElo "2010"]
[BlackElo "1840"]
[WhiteClock "01:34:29"]
[BlackClock "01:24:24"]
[WhiteTeam "SC Ansbach 1855 e.V."]
[BlackTeam "TV Tegernsee"]
[PlyCount "21"]
[WhiteFideId "16292626"]
[BlackFideId "16226402"]
[EventCountry "GER"]
[EventRounds "7"]
[EventType "team-swiss"]
[EventDate "2022.07.22"]

1. e4 {[%clk 01:30:56]} {[%emt 00:00:03]} c5 {[%clk 01:30:53]} {[%emt
00:00:08]} 2. Nf3 {[%clk 01:31:20]} {[%emt 00:00:06]} d6 {[%clk 01:31:15]}
{[%emt 00:00:09]} 3. d4 {[%clk 01:31:37]} {[%emt 00:00:12]} cxd4 {[%clk
01:31:37]} {[%emt 00:00:08]} 4. Nxd4 {[%clk 01:32:01]} {[%emt 00:00:06]} Nf6
{[%clk 01:31:56]} {[%emt 00:00:09]} 5. Nc3 {[%clk 01:32:27]} {[%emt 00:00:06]}
g6 {[%clk 01:32:18]} {[%emt 00:00:08]} 6. f4 {[%clk 01:32:41]} {[%emt
00:00:15]} Bg7 {[%clk 01:32:08]} {[%emt 00:00:40]} 7. e5 {[%clk 01:32:55]}
{[%emt 00:00:17]} dxe5 {[%clk 01:31:44]} {[%emt 00:00:53]} 8. fxe5 {[%clk
01:33:18]} {[%emt 00:00:08]} Ng4 {[%clk 01:23:59]} {[%emt 00:08:15]} 9. Bb5+
{[%clk 01:33:41]} {[%emt 00:00:07]} Kf8 {[%clk 01:24:18]} {[%emt 00:00:11]} 10.
Ne6+ {[%clk 01:34:06]} {[%emt 00:00:05]} Bxe6 {[%clk 01:24:24]} {[%emt
00:00:24]} 11. Qxd8# {[%clk 01:34:29]} {[%emt 00:00:06]} 1-0